| 000 | 00916nam a22002537a 4500 | ||
|---|---|---|---|
| 005 | 20120423113530.0 | ||
| 008 | 120423t xxu||||| |||| 00| 0 eng d | ||
| 010 | _aENG-105045 | ||
| 020 |
_a9788181522719 _c750.00 |
||
| 035 | _aEN-88578 | ||
| 037 | _bDBAD/PUB | ||
| 040 |
_aDPL _bEng |
||
| 082 | _a822.3 | ||
| 100 | _945189 | ||
| 245 |
_aVintage Shakespeare : _cedited by Prashant K. Sinha [and] Mohini Khot _bnew perspectives from India and abroad / |
||
| 260 |
_aJaipur _bBook Enclave _c2010 |
||
| 270 |
_aJain Bhawan, Opp. N.E.I., Shanti Nagar _bJaipur _e302006 |
||
| 300 |
_aviii,240p. _c22cm(Hb) |
||
| 500 | _aIncludes index | ||
| 700 |
_aSinha, Prashant K. _945577 |
||
| 700 |
_aKhot , Mohini _945578 |
||
| 942 |
_2ddc _cEN _mVIN _h822.3 |
||
| 999 |
_c65439 _d65439 |
||